Minecraft Mobs: Rabbit - Statistics

General Stats
  • This quiz has been taken 8 times
  • The average score is 9 of 11
Answer Stats
Question Answer % Correct
What is one item that can be used to breed rabbits? Carrot | Golden Carrot | Dandelion
100%
What is one mob that hunts rabbits? Cat | Fox | Wolf
100%
What is an adult rabbit's width in blocks? 0.4
86%
What is an adult rabbit's height in blocks? 0.5
86%
How many health points does a rabbit have? 3
86%
What biome does a gold rabbit spawn in? Desert
71%
What item does a rabbit have a 50% chance of dropping on death? Rabbit Hide
71%
What item does a rabbit have a 10% chance of dropping if killed by a player? Rabbit's Foot
71%
What can you nametag a rabbit to give it a unique texture? Toast
71%
What is one biome a black, brown, or salt rabbit spawns in? Cherry Grove | Flower Forest | Meadow | Old Growth Pine Taiga | Old Growth Spruce Taiga | Taiga
57%
What is one biome a white or white splotched rabbit spawns in? Grove | Ice Spikes | Snowy Plains | Snowy Slopes | Snowy Taiga
57%
No matching quizzes found
Score Distribution
Percent of People with Each Score
Percentile by Number Answered
Your Score History
You have not taken this quiz